000
00345 a2200157 4500
001
192786
020
_a
978-85-8392-116-5
040
_c
Magnum
100
_a
Muniz, Flávia
240
1
0
_a
Aventura no supermercado
_l
por
245
1
0
_a
Aventura no supermercado
300
_a
14
362
0
_a
2017
697
_a
LITERATURA INFANTO
942
_c
BK
999
_c
192786
_d
192786